[Event "X Torneo Leonardo di Bona B"]
[Site "Cutro ITA"]
[Date "2004.04.25"]
[Round "1"]
[White "Procopio, Giuseppe"]
[Black "Todic, Simo"]
[Result "0-1"]
[WhiteElo "1559"]
[BlackElo "1811"]
[PlyCount "80"]
[EventDate "2004.04.25"]

1. e4 c5 2. Nf3 d6 3. d3 Nc6 4. Be2 Nf6 5. Nc3 e6 6. O-O Be7 7. h3 O-O 8. Be3
d5 9. exd5 exd5 10. d4 c4 11. b3 Bb4 12. Bd2 Qa5 13. Qe1 Ne4 14. Nb1 Nxd2 15.
Nfxd2 Nxd4 16. Bd1 Bf5 17. Qe3 Nxc2 18. Bxc2 Bxc2 19. a3 Rfe8 20. Qf4 cxb3 21.
Qxb4 Qxb4 22. axb4 Re2 23. Nf3 Re4 24. Ne1 Rxb4 25. Nxc2 bxc2 26. Nd2 d4 27.
Rfc1 d3 28. Ra3 Rd4 29. f3 b5 30. Kf2 b4 31. Rb3 Re8 32. Kg3 f5 33. f4 Re3+ 34.
Nf3 a5 35. Kh4 Rxf4+ 36. Kg5 Rexf3 37. gxf3 Rxf3 38. Kh4 h6 39. Rg1 Kh7 40. Kh5
Rxh3# 0-1

[Event "X Torneo Leonardo di Bona B"]
[Site "Cutro ITA"]
[Date "2004.04.25"]
[Round "1"]
[White "Virelli, Salvatore"]
[Black "Catapano, Francesco"]
[Result "1-0"]
[WhiteElo "1440"]
[BlackElo "1805"]
[PlyCount "109"]
[EventDate "2004.04.25"]

1. d4 Nf6 2. c4 e6 3. Nc3 c5 4. Nf3 cxd4 5. Nxd4 Nc6 6. e3 Bb4 7. Bd2 O-O 8. a3
Bxc3 9. Bxc3 Ne4 10. Qc2 f5 11. Rd1 Qb6 12. b4 a6 13. c5 Qc7 14. g3 Ne7 15. Bg2
Nxc3 16. Qxc3 d5 17. O-O Bd7 18. Rc1 Rac8 19. Nf3 a5 20. Ne5 axb4 21. axb4 Bb5
22. Rfe1 Nc6 23. Nf3 b6 24. Nd4 Nxd4 25. exd4 Bd7 26. f4 bxc5 27. bxc5 Qc6 28.
h4 Rc7 29. Ra1 Ra8 30. Rxa8+ Qxa8 31. Ra1 Qb8 32. Kh2 Bc6 33. Bf3 Rb7 34. Kh3
Kf7 35. Bd1 Rb4 36. Ra7+ Kg8 37. Ra6 Rc4 38. Qd2 Qb7 39. Rb6 Qd7 40. Bb3 Ra4
41. Bxa4 Bxa4 42. Qb4 Bc6 43. Rb8+ Kf7 44. Qa5 Kf6 45. Qd8+ Qxd8 46. Rxd8 Ke7
47. Rh8 h6 48. Rc8 Kd7 49. Rg8 g5 50. hxg5 hxg5 51. fxg5 Ke7 52. Kh4 Kf7 53.
Rh8 e5 54. dxe5 d4 55. Rd8 1-0

[Event "X Torneo Leonardo di Bona B"]
[Site "Cutro ITA"]
[Date "2004.04.26"]
[Round "2"]
[White "Catapano, Francesco"]
[Black "Russo, Carmelo"]
[Result "1-0"]
[WhiteElo "1805"]
[BlackElo "1836"]
[PlyCount "65"]
[EventDate "2004.04.25"]

1. e4 c5 2. Nc3 Nc6 3. f4 d6 4. Nf3 Nf6 5. Bc4 e6 6. d3 a6 7. a4 Nb4 8. Bb3 Nc6
9. O-O Qb6 10. Kh1 Ng4 11. Qe1 Be7 12. h3 h5 13. Ng5 Nd4 14. a5 Qa7 15. f5 Nxb3
16. cxb3 Ne5 17. Qe2 Bf6 18. Na4 Nc6 19. Nb6 Nd4 20. Qd1 Rb8 21. b4 exf5 22.
Qa4+ Nc6 23. exf5 O-O 24. Ne4 Be5 25. Qd1 d5 26. Nxc5 Nxb4 27. Qxh5 Re8 28. Ra4
Bd4 29. Rxb4 Bxc5 30. Rh4 Kf8 31. f6 gxf6 32. Qh8+ Ke7 33. Qxf6+ 1-0

[Event "X Torneo Leonardo di Bona B"]
[Site "Cutro ITA"]
[Date "2004.04.26"]
[Round "2"]
[White "Grano, Giuseppe"]
[Black "Frontera, Giuseppe"]
[Result "0-1"]
[WhiteElo "1712"]
[BlackElo "1835"]
[PlyCount "92"]
[EventDate "2004.04.25"]

1. Nf3 Nf6 2. d4 e6 3. e3 b6 4. g3 Bb7 5. Bg2 d5 6. Nbd2 Nbd7 7. O-O Bd6 8. Re1
O-O 9. c3 c5 10. Qc2 h6 11. a3 Rc8 12. Nf1 Re8 13. Qb1 Qc7 14. Bd2 Ne4 15. Rc1
c4 16. Ne1 f5 17. Bxe4 fxe4 18. b3 Ba6 19. b4 Rf8 20. Ng2 Nf6 21. Nf4 Qf7 22.
Be1 g5 23. Ng2 Rcd8 24. Qc2 Bc8 25. Qe2 e5 26. Nd2 Bg4 27. f3 exf3 28. Nxf3 e4
29. Nxg5 hxg5 30. Qf1 Qh5 31. h4 Be2 32. Qf5 Bg4 33. Qxg5+ Qxg5 34. hxg5 Nh7
35. g6 Ng5 36. Nf4 Bxf4 37. gxf4 Nf3+ 38. Kg2 Rd6 39. Bg3 Rxg6 40. Rh1 Rf7 41.
a4 Rfg7 42. Kf2 Be6 43. Bh4 Rg2+ 44. Kf1 Nxh4 45. Ra2 Rxa2 46. Rxh4 Rgg2 0-1

[Event "X Torneo Leonardo di Bona B"]
[Site "Cutro ITA"]
[Date "2004.04.26"]
[Round "2"]
[White "Guzzo, Giovanni"]
[Black "Morelli, Gaetano"]
[Result "0-1"]
[WhiteElo "1756"]
[BlackElo "1816"]
[PlyCount "97"]
[EventDate "2004.04.25"]

1. e4 e5 2. Nf3 Nc6 3. Bc4 Bc5 4. O-O Nf6 5. Nc3 O-O 6. d3 d6 7. Bg5 Be6 8. Nd5
Bxd5 9. Bxd5 h6 10. Bh4 g5 11. Bg3 Nxd5 12. exd5 Ne7 13. c4 f5 14. h3 f4 15.
Bh2 Nf5 16. Kh1 Qf6 17. a3 Qg6 18. b4 Bd4 19. Nxd4 Nxd4 20. f3 Kg7 21. Bg1 Nf5
22. Bf2 h5 23. d4 exd4 24. Bxd4+ Kh6 25. Bf2 Rfe8 26. Re1 Rxe1+ 27. Qxe1 Re8
28. Qd2 Ne3 29. Bxe3 fxe3 30. Qd4 Qg7 31. Qxg7+ Kxg7 32. Kg1 Kf6 33. Kf1 Ke5
34. Rd1 Kf4 35. Ke2 Kg3 36. Rd3 Kxg2 37. Rxe3 Rxe3+ 38. Kxe3 Kxh3 39. c5 Kg3
40. a4 h4 41. a5 b6 42. axb6 axb6 43. cxd6 cxd6 44. Ke4 h3 45. Kf5 h2 46. Ke6
h1=Q 47. Kxd6 Kxf3 48. Kc6 Kf4 49. Kxb6 0-1

[Event "X Torneo Leonardo di Bona B"]
[Site "Cutro ITA"]
[Date "2004.04.26"]
[Round "2"]
[White "Ielapi, Vito"]
[Black "Liistro, Giovanni Carlo"]
[Result "1-0"]
[WhiteElo "1842"]
[BlackElo "1718"]
[PlyCount "75"]
[EventDate "2004.04.25"]

1. e4 e5 2. Nf3 Nc6 3. Bb5 a6 4. Ba4 Nf6 5. O-O Be7 6. Re1 b5 7. Bb3 O-O 8. c3
d6 9. h3 Nb8 10. d4 Nbd7 11. Nbd2 Bb7 12. Bc2 Re8 13. Nf1 Bf8 14. Ng3 g6 15.
Bg5 Bg7 16. Qd2 c6 17. Rad1 Qc7 18. Nh2 h5 19. f4 exf4 20. Qxf4 Nh7 21. Bh6
Ndf8 22. Bxg7 Kxg7 23. Nf3 Ne6 24. Qd2 Rad8 25. Kh1 Qe7 26. d5 Nc7 27. Nd4 Qd7
28. Rf1 cxd5 29. Nxh5+ gxh5 30. Nf5+ Kh8 31. Qh6 f6 32. exd5 Bxd5 33. Rfe1
Rxe1+ 34. Rxe1 Rg8 35. Re7 Bxg2+ 36. Kh2 Qxe7 37. Nxe7 Rg7 38. Bxh7 1-0

[Event "X Torneo Leonardo di Bona B"]
[Site "Cutro ITA"]
[Date "2004.04.26"]
[Round "2"]
[White "Meli, Massimo"]
[Black "Di Mauro, Sebastiano"]
[Result "1-0"]
[WhiteElo "1829"]
[BlackElo "1802"]
[PlyCount "40"]
[EventDate "2004.04.25"]

1. e4 e6 2. d3 d5 3. Nd2 dxe4 4. Nxe4 Be7 5. Nf3 Nf6 6. Ng3 b6 7. b3 Nd5 8. d4
Bb4+ 9. Bd2 Qe7 10. Ne5 Bb7 11. Ne4 Ne3 12. Bb5+ Kf8 13. fxe3 Bxe4 14. O-O f6
15. Bxb4 Qxb4 16. Qh5 Qe7 17. Rf4 Bf5 18. Rxf5 exf5 19. Ng6+ hxg6 20. Qxh8+ Kf7
1-0

[Event "X Torneo Leonardo di Bona B"]
[Site "Cutro ITA"]
[Date "2004.04.26"]
[Round "2"]
[White "Olivo, Paolo"]
[Black "Forlano, Luigi"]
[Result "0-1"]
[WhiteElo "1649"]
[BlackElo "1924"]
[PlyCount "70"]
[EventDate "2004.04.25"]

1. e4 Nf6 2. Nc3 d5 3. e5 Ne4 4. d4 Nxc3 5. bxc3 e6 6. Nf3 b6 7. Bd3 Ba6 8. O-O
Be7 9. a4 Bxd3 10. Qxd3 Nc6 11. Qb5 Qd7 12. c4 a6 13. Qb2 dxc4 14. Bd2 O-O 15.
Rfd1 Rfd8 16. c3 Na5 17. Ra2 Nb3 18. Bg5 Bxg5 19. Nxg5 Qe7 20. f4 h6 21. Nf3
Rd5 22. Nd2 Na5 23. Rf1 Rad8 24. Rf3 f5 25. exf6 Qxf6 26. Ne4 Qe7 27. Qe2 c5
28. dxc5 bxc5 29. Nd2 Nb3 30. Nxb3 cxb3 31. Rb2 c4 32. Re3 Qc5 33. Kf1 Rd1+ 34.
Kf2 R1d3 35. Kf3 Rxe3+ 0-1

[Event "X Torneo Leonardo di Bona B"]
[Site "Cutro ITA"]
[Date "2004.04.26"]
[Round "2"]
[White "Paragliola, Gennaro"]
[Black "Parrotta, Daniele"]
[Result "0-1"]
[WhiteElo "1643"]
[BlackElo "1976"]
[PlyCount "72"]
[EventDate "2004.04.25"]

1. d4 f5 2. c4 Nf6 3. Nc3 g6 4. Nf3 Bg7 5. e3 O-O 6. Be2 d6 7. O-O c6 8. b3 Qe8
9. Bb2 Nbd7 10. Qc2 h6 11. h3 Kh7 12. Rad1 e5 13. dxe5 dxe5 14. Rd2 e4 15. Nh2
Ne5 16. Rfd1 g5 17. Na4 Ng6 18. Rd6 f4 19. Qd2 f3 20. gxf3 Bxh3 21. Nc5 Nh4 22.
Bxf6 Bxf6 23. Nxe4 Be5 24. Qc2 Bf5 25. R6d2 Bxh2+ 26. Kxh2 Bxe4 27. Qxe4+ Qxe4
28. fxe4 Rxf2+ 29. Kg1 Raf8 30. e5 Kg8 31. e6 Rg2+ 32. Kh1 Rff2 33. Rd8+ Kg7
34. R1d7+ Kg6 35. e7 Rh2+ 36. Kg1 Rfg2+ 0-1

[Event "X Torneo Leonardo di Bona B"]
[Site "Cutro ITA"]
[Date "2004.04.26"]
[Round "2"]
[White "Rotunno, Giuseppe"]
[Black "Amodei, Diego"]
[Result "1-0"]
[WhiteElo "1946"]
[BlackElo "1643"]
[PlyCount "31"]
[EventDate "2004.04.25"]

1. d4 Nf6 2. c4 e6 3. Nf3 b6 4. Nc3 Be7 5. e4 Bb7 6. Bd3 d5 7. Qc2 dxc4 8. Bxc4
Bb4 9. Qa4+ Nc6 10. Bb5 Bxc3+ 11. bxc3 Qd7 12. Ne5 Nxe5 13. Bxd7+ Nexd7 14. f3
O-O 15. e5 Nd5 16. Qxd7 1-0

[Event "X Torneo Leonardo di Bona B"]
[Site "Cutro ITA"]
[Date "2004.04.26"]
[Round "2"]
[White "Todic, Simo"]
[Black "Barbuto, Sergio"]
[Result "1-0"]
[WhiteElo "1811"]
[BlackElo "1808"]
[PlyCount "107"]
[EventDate "2004.04.25"]

1. e4 c6 2. d4 d5 3. Nc3 dxe4 4. Nxe4 Nd7 5. Nf3 Ngf6 6. Ng3 e6 7. Bd3 c5 8.
O-O cxd4 9. Nxd4 Be7 10. Re1 O-O 11. Qe2 Nc5 12. Ndf5 Nxd3 13. Nxe7+ Qxe7 14.
Qxd3 Rd8 15. Qf3 Qc5 16. c3 Qd5 17. Qe2 b6 18. c4 Qc6 19. Bg5 Bb7 20. f3 Qc5+
21. Be3 Qc6 22. Rad1 Rac8 23. b3 h6 24. Qb2 Ne8 25. Ne4 Rd7 26. c5 Rcd8 27.
Rxd7 Rxd7 28. cxb6 axb6 29. Rc1 Qb5 30. Nc3 Qa6 31. Na4 Rd6 32. Qf2 b5 33. Nc5
Qa8 34. Nxb7 Qxb7 35. Qc2 Nf6 36. Qc8+ Qxc8 37. Rxc8+ Kh7 38. Rc5 Rd5 39. Kf2
Rxc5 40. Bxc5 Nd7 41. Bd6 Nb6 42. Ke3 Kg6 43. Kd4 Nd7 44. Kc3 e5 45. Kb4 f5 46.
Kxb5 e4 47. fxe4 fxe4 48. Kc6 Nf6 49. Bc5 Kg5 50. a4 Ng4 51. a5 e3 52. Bxe3+
Nxe3 53. a6 Nxg2 54. a7 1-0

[Event "X Torneo Leonardo di Bona B"]
[Site "Cutro ITA"]
[Date "2004.04.26"]
[Round "2"]
[White "Virelli, Salvatore"]
[Black "Anastasio, Giovanni"]
[Result "1-0"]
[WhiteElo "1440"]
[BlackElo "1640"]
[PlyCount "118"]
[EventDate "2004.04.25"]

1. e4 d6 2. d4 e6 3. Nf3 c6 4. Be2 a6 5. O-O b5 6. e5 d5 7. a3 Bb7 8. b4 Nd7 9.
Bg5 Be7 10. Qd2 f6 11. exf6 Ngxf6 12. Bxf6 Bxf6 13. Qe3 Qe7 14. Re1 O-O 15. Bd3
Rfe8 16. Ne5 Nf8 17. Nd2 Bg5 18. Qe2 a5 19. c3 a4 20. Ndf3 Bf6 21. Qe3 Rac8 22.
g3 Rc7 23. Kg2 Qd6 24. h4 Bc8 25. Rh1 Ree7 26. Rh3 Bd7 27. Rah1 Be8 28. h5 g6
29. g4 gxh5 30. gxh5 Rg7+ 31. Rg3 Rxg3+ 32. fxg3 Qe7 33. g4 Qg7 34. g5 h6 35.
g6 Nh7 36. Kf1 Ng5 37. Qf4 Nxf3 38. Nxf3 Re7 39. Ne5 Bg5 40. Qf2 Qf6 41. Qxf6
Bxf6 42. Ke2 Bxe5 43. dxe5 Rc7 44. Kd2 c5 45. Rf1 c4 46. Be2 Re7 47. Ke3 Kg7
48. Kd4 Rc7 49. Rf6 Re7 50. Bg4 Bd7 51. Kc5 Re8 52. Rf7+ Kg8 53. Rxd7 Kf8 54.
Rf7+ Kg8 55. Rf6 d4 56. Bxe6+ Kh8 57. Kxd4 Rd8+ 58. Bd5 Kg7 59. Rf7+ Kg8 1-0

[Event "X Torneo Leonardo di Bona B"]
[Site "Cutro ITA"]
[Date "2004.04.27"]
[Round "3"]
[White "Amodei, Diego"]
[Black "Macri', Giuseppe"]
[Result "1/2-1/2"]
[WhiteElo "1643"]
[BlackElo "1563"]
[PlyCount "127"]
[EventDate "2004.04.25"]

1. d4 e6 2. c4 d5 3. Nc3 c5 4. Nf3 Nf6 5. Bg5 cxd4 6. Nxd4 e5 7. Nf3 d4 8. Bxf6
gxf6 9. Nd5 Nc6 10. a3 Be6 11. e4 dxe3 12. fxe3 Bg7 13. e4 O-O 14. Be2 f5 15.
Qc2 fxe4 16. Qxe4 f5 17. Qh4 Qxh4+ 18. Nxh4 e4 19. O-O-O Rac8 20. Kb1 Nd4 21.
Ne7+ Kh8 22. Nxc8 Rxc8 23. Rhe1 Bf6 24. g3 Nxe2 25. Rxe2 Rxc4 26. Ng2 Rc6 27.
Nf4 Bc4 28. Red2 e3 29. Rd7 e2 30. Re1 Rb6 31. Rd2 Bc3 32. Rdxe2 Bxe1 33. Rxe1
Bb3 34. Nh5 h6 35. Re8+ Kh7 36. Re7+ Kg6 37. Nf4+ Kf6 38. Re8 Rd6 39. Re1 Kg5
40. Kc1 Rc6+ 41. Kb1 Kg4 42. Re3 Bc2+ 43. Ka2 Be4 44. Rb3 Rc2 45. h3+ Kg5 46.
Ne6+ Kf6 47. Nf4 Rf2 48. Re3 Ke5 49. Rc3 Rd2 50. a4 Bd5+ 51. Nxd5 Kxd5 52. Rc7
Rd4 53. Rxb7 Rxa4+ 54. Kb3 Ra6 55. Rc7 Rb6+ 56. Kc3 Rc6+ 57. Rxc6 Kxc6 58. Kc4
a5 59. b3 h5 60. h4 Kb6 61. Kd3 Kc5 62. Kc3 Kb5 63. Kd3 Kb4 64. Kc2 1/2-1/2

[Event "X Torneo Leonardo di Bona B"]
[Site "Cutro ITA"]
[Date "2004.04.27"]
[Round "3"]
[White "Barbuto, Sergio"]
[Black "Crisa', Francesco Maria"]
[Result "1/2-1/2"]
[WhiteElo "1808"]
[BlackElo "1637"]
[PlyCount "42"]
[EventDate "2004.04.25"]

1. e4 c5 2. c3 d6 3. d4 cxd4 4. cxd4 Nf6 5. Nc3 a6 6. Bd3 Nc6 7. Nge2 g6 8. O-O
Bg7 9. Be3 O-O 10. Qd2 Ng4 11. Rad1 Nxe3 12. fxe3 Bg4 13. Rf4 Bxe2 14. Qxe2 e5
15. dxe5 Bxe5 16. Rf3 Bxc3 17. bxc3 Qa5 18. Bb1 Qxc3 19. Rxd6 Rfd8 20. Rxd8+
Rxd8 21. Rf1 Ne5 1/2-1/2

[Event "X Torneo Leonardo di Bona B"]
[Site "Cutro ITA"]
[Date "2004.04.27"]
[Round "3"]
[White "Di Mauro, Sebastiano"]
[Black "Grano, Giuseppe"]
[Result "0-1"]
[WhiteElo "1802"]
[BlackElo "1712"]
[PlyCount "78"]
[EventDate "2004.04.25"]

1. e4 c5 2. Nc3 Nc6 3. g3 Nf6 4. Bg2 e6 5. d3 Be7 6. Nge2 O-O 7. O-O d5 8. exd5
exd5 9. Bf4 Bf5 10. Bg5 d4 11. Bxf6 Bxf6 12. Nd5 Bg5 13. Nef4 Qd7 14. Qh5 h6
15. Qd1 Bg4 16. Qd2 Ne5 17. f3 Be6 18. c4 dxc3 19. Qxc3 Qd6 20. Rae1 Bxd5 21.
Rxe5 Bxf4 22. gxf4 Rad8 23. Rfe1 b6 24. f5 Bxa2 25. R5e3 Qd4 26. Kh1 Rd5 27.
Qa3 Bb1 28. f6 Bxd3 29. fxg7 Rfd8 30. Qxa7 Qxg7 31. f4 R5d6 32. Qe7 R6d7 33.
Qh4 Kh7 34. Qh3 c4 35. Rg3 Qf6 36. Rg1 Bg6 37. Bf3 Rd3 38. Rxg6 fxg6 39. Be4
Rd1 0-1

[Event "X Torneo Leonardo di Bona B"]
[Site "Cutro ITA"]
[Date "2004.04.27"]
[Round "3"]
[White "Forlano, Luigi"]
[Black "Ielapi, Vito"]
[Result "0-1"]
[WhiteElo "1924"]
[BlackElo "1842"]
[PlyCount "104"]
[EventDate "2004.04.25"]

1. d4 Nf6 2. c4 g6 3. Nc3 d5 4. Nf3 Bg7 5. cxd5 Nxd5 6. e4 Nxc3 7. bxc3 c5 8.
Be3 Qa5 9. Qd2 O-O 10. Rb1 b6 11. Bb5 Bb7 12. Bd3 c4 13. Bc2 Nd7 14. a4 Nf6 15.
Rb5 Qa6 16. d5 Rad8 17. Bg5 Rfe8 18. Nd4 e6 19. Bxf6 Bxf6 20. Qf4 Bxd4 21. cxd4
exd5 22. e5 Bc6 23. Rb4 Qa5 24. Qd2 b5 25. h4 bxa4 26. h5 Rb8 27. Rxb8 Qxd2+
28. Kxd2 Rxb8 29. hxg6 hxg6 30. Ra1 Rb4 31. Kc3 a5 32. f4 Kf8 33. g4 Ke7 34. g5
Bd7 35. Bd1 Kd8 36. Bc2 Kc7 37. Bd1 Kb6 38. Bc2 Kb5 39. Ra3 Bg4 40. Ra1 Bd7 41.
Ra3 Ka6 42. Ra1 Rb8 43. Ra3 Rh8 44. Kb2 Rh2 45. Rc3 Rf2 46. Ka3 Rxf4 47. Bxa4
Be6 48. Bc2 Rxd4 49. Rf3 Rg4 50. Bxg6 Rxg5 51. Bc2 Rxe5 52. Rc3 d4 0-1

[Event "X Torneo Leonardo di Bona B"]
[Site "Cutro ITA"]
[Date "2004.04.27"]
[Round "3"]
[White "Frontera, Domenico"]
[Black "Guzzo, Giovanni"]
[Result "1/2-1/2"]
[WhiteElo "1575"]
[BlackElo "1756"]
[PlyCount "82"]
[EventDate "2004.04.25"]

1. e4 e5 2. Nf3 Nc6 3. Nc3 Bc5 4. Nxe5 Nxe5 5. d4 Bd6 6. dxe5 Bxe5 7. Qf3 c6 8.
Bc4 Qf6 9. Qxf6 Nxf6 10. O-O O-O 11. Bd3 b5 12. Ne2 h6 13. f4 Bc7 14. Be3 Ng4
15. Bd4 h5 16. h3 Nh6 17. f5 Bb6 18. Bxb6 axb6 19. Nf4 h4 20. Nh5 d5 21. Rf4
dxe4 22. Bxe4 Ra4 23. b3 Rd4 24. c3 Rd2 25. f6 g5 26. Rf2 Rxf2 27. Kxf2 c5 28.
Rd1 Nf5 29. g4 hxg3+ 30. Nxg3 Nh4 31. Bc6 Bxh3 32. Bxb5 Ng6 33. Rd7 Rb8 34. Rd5
g4 35. Nf5 Rb7 36. Kg3 Kh7 37. Ne3 Nf8 38. Nxg4 Bxg4 39. Kxg4 Kg6 40. Bd3+ Kxf6
41. Be4 Rb8 1/2-1/2

[Event "X Torneo Leonardo di Bona B"]
[Site "Cutro ITA"]
[Date "2004.04.27"]
[Round "3"]
[White "Frontera, Giuseppe"]
[Black "Todic, Simo"]
[Result "0-1"]
[WhiteElo "1835"]
[BlackElo "1811"]
[PlyCount "84"]
[EventDate "2004.04.25"]

1. e4 c5 2. Nf3 e6 3. d4 cxd4 4. Nxd4 Nf6 5. Nc3 Nc6 6. f3 Bc5 7. Nb3 Bb4 8.
Bd2 d5 9. Bd3 Bxc3 10. Bxc3 dxe4 11. fxe4 e5 12. h3 Nxe4 13. Qf3 Qh4+ 14. g3
Nxg3 15. Rg1 Ne4+ 16. Ke2 Nxc3+ 17. bxc3 O-O 18. Rg3 f5 19. Rag1 g6 20. Qf2 Kh8
21. Qc5 Be6 22. Qd6 Qe7 23. Qxe7 Nxe7 24. Nc5 Bxa2 25. Nxb7 e4 26. Bb5 a6 27.
Ba4 Bc4+ 28. Kd2 Ra7 29. Na5 Rd8+ 30. Kc1 Bb5 31. Bb3 Nc6 32. Nxc6 Bxc6 33. h4
Bd5 34. h5 Bxb3 35. cxb3 Rg7 36. c4 g5 37. Rxg5 Rxg5 38. Rxg5 e3 39. Rxf5 e2
40. Re5 Rd1+ 41. Kc2 e1=Q 42. Rxe1 Rxe1 0-1

[Event "X Torneo Leonardo di Bona B"]
[Site "Cutro ITA"]
[Date "2004.04.27"]
[Round "3"]
[White "Levato, Biagio"]
[Black "Olivo, Paolo"]
[Result "0-1"]
[WhiteElo "1585"]
[BlackElo "1649"]
[PlyCount "98"]
[EventDate "2004.04.25"]

1. e4 c6 2. Nf3 d6 3. d3 Nf6 4. g3 g6 5. Bg2 Bg7 6. O-O O-O 7. Nbd2 Nbd7 8. c3
e5 9. a4 b5 10. axb5 cxb5 11. b4 Nb6 12. Re1 Qc7 13. Bf1 Qxc3 14. Nb3 Be6 15.
Nfd2 a6 16. Ba3 Qc7 17. Rc1 Qd7 18. d4 Rac8 19. d5 Rxc1 20. Bxc1 Bh3 21. Na5
Bxf1 22. Nxf1 Nc4 23. Nc6 h6 24. f4 Ng4 25. h3 Nf6 26. g4 exf4 27. Bxf4 g5 28.
Bg3 Re8 29. Qf3 Nh7 30. Qf5 Nf8 31. Nh2 Bc3 32. Re2 Qxf5 33. gxf5 Nd7 34. Nf3
Nde5 35. Nfxe5 Nxe5 36. Kg2 Nxc6 37. dxc6 Bxb4 38. Kf3 a5 39. Bf2 Bc5 40. Bxc5
dxc5 41. e5 Rc8 42. e6 Kf8 43. Rd2 fxe6 44. Rd6 exf5 45. Rxh6 Kg7 46. Rd6 a4
47. Rd7+ Kf6 48. Rd6+ Ke5 49. Rh6 a3 0-1

[Event "X Torneo Leonardo di Bona B"]
[Site "Cutro ITA"]
[Date "2004.04.27"]
[Round "3"]
[White "Liistro, Giovanni Carlo"]
[Black "Paragliola, Gennaro"]
[Result "1/2-1/2"]
[WhiteElo "1718"]
[BlackElo "1643"]
[PlyCount "59"]
[EventDate "2004.04.25"]

1. e4 d6 2. d4 g6 3. Nc3 Bg7 4. Nf3 Nf6 5. Be2 O-O 6. O-O e5 7. dxe5 dxe5 8.
Bg5 Nc6 9. Nd5 Be6 10. c4 h6 11. Nxf6+ Bxf6 12. Qxd8 Bxd8 13. Bxh6 Re8 14. Be3
Bg4 15. Rfd1 f5 16. exf5 gxf5 17. h3 Bh5 18. Kf1 Bf6 19. Ng1 Bg6 20. Bd2 Nd4
21. Bc3 c5 22. b4 b6 23. bxc5 bxc5 24. Rab1 Re7 25. Bxd4 cxd4 26. c5 Rc7 27.
Rb5 e4 28. Rc1 d3 29. Bd1 Be8 30. c6 1/2-1/2

[Event "X Torneo Leonardo di Bona B"]
[Site "Cutro ITA"]
[Date "2004.04.27"]
[Round "3"]
[White "Longo, Giuseppe"]
[Black "Olivo, Gaetano"]
[Result "1-0"]
[WhiteElo "1619"]
[BlackElo "1598"]
[PlyCount "133"]
[EventDate "2004.04.25"]

1. d4 Nf6 2. Nf3 g6 3. e3 Bg7 4. c3 O-O 5. Bd3 d5 6. O-O Nbd7 7. Nbd2 c5 8. Qe2
c4 9. Bc2 b5 10. e4 dxe4 11. Nxe4 Bb7 12. Bf4 Nxe4 13. Bxe4 Bxe4 14. Qxe4 Nf6
15. Qe2 Re8 16. Rad1 Nd5 17. Bg3 a5 18. a3 f5 19. Qe6+ Kh8 20. Ng5 Rf8 21. Nf7+
Rxf7 22. Qxf7 Qd7 23. Rfe1 Rf8 24. Qe6 Qxe6 25. Rxe6 f4 26. Bh4 h6 27. f3 g5
28. Bf2 Bf6 29. h3 Rb8 30. g3 b4 31. axb4 axb4 32. Rc1 bxc3 33. bxc3 Rb3 34.
gxf4 Nxf4 35. Re4 Nxh3+ 36. Kf1 Nf4 37. Bg3 Nd5 38. Be1 h5 39. Rc2 h4 40. Kg2
Kg7 41. Bd2 Kg6 42. Kh2 Kf5 43. Rg4 e5 44. dxe5 Bxe5+ 45. Kg2 Nf4+ 46. Bxf4
Bxf4 47. Kf2 Rb8 48. Re2 h3 49. Rg1 Rb3 50. Rc2 Be5 51. Rh1 h2 52. Kg2 Bxc3 53.
Rxh2 Be5 54. Rh7 c3 55. Rf7+ Ke6 56. Rh7 Kd5 57. Rd7+ Kc4 58. Kh3 Bd4 59. Re7
Kd3 60. Ree2 Be3 61. Ra2 Bd2 62. Re8 Rb4 63. Kg2 Bc1 64. Rd8+ Kc4 65. Rc2 Rb2
66. Rc8+ Kd3 67. R8xc3+ 1-0

[Event "X Torneo Leonardo di Bona B"]
[Site "Cutro ITA"]
[Date "2004.04.27"]
[Round "3"]
[White "Morelli, Gaetano"]
[Black "Virelli, Salvatore"]
[Result "1-0"]
[WhiteElo "1816"]
[BlackElo "1440"]
[PlyCount "79"]
[EventDate "2004.04.25"]

1. e4 c5 2. Nf3 e6 3. d4 cxd4 4. Nxd4 Nf6 5. e5 Nd5 6. c4 Nb6 7. Nb5 Bc5 8. Qg4
O-O 9. Bh6 g6 10. Bxf8 Qxf8 11. Be2 Nc6 12. Qe4 d5 13. exd6 a6 14. N5c3 Qxd6
15. O-O e5 16. Rd1 Qf6 17. Qf3 Bf5 18. Nd5 Qd6 19. Nxb6 Nd4 20. Rxd4 Qxb6 21.
Rd2 Bd4 22. Nc3 Qb4 23. a3 Qb6 24. Nd5 Qc5 25. b4 Qf8 26. Rad1 e4 27. Qf4 Ba7
28. Qe5 h5 29. Ne7+ Kh7 30. Nxf5 Bb8 31. Qe7 Qe8 32. Qxe8 Bxh2+ 33. Kxh2 Rxe8
34. Ne3 b6 35. Rd8 Re5 36. R1d5 Re6 37. R8d6 b5 38. Rxe6 fxe6 39. Rd7+ Kh6 40.
c5 1-0

[Event "X Torneo Leonardo di Bona B"]
[Site "Cutro ITA"]
[Date "2004.04.27"]
[Round "3"]
[White "Parrotta, Daniele"]
[Black "Meli, Massimo"]
[Result "1-0"]
[WhiteElo "1976"]
[BlackElo "1829"]
[PlyCount "120"]
[EventDate "2004.04.25"]

1. e4 e5 2. f4 d6 3. Nf3 Nc6 4. Nc3 exf4 5. d4 Be7 6. Bc4 Na5 7. Bd3 Bh4+ 8.
Kf1 Bg4 9. Bxf4 Nc6 10. Bb5 a6 11. Be2 Bxf3 12. Bxf3 Nge7 13. Ne2 h5 14. c3 Ng6
15. Be3 Bg5 16. Qd2 Bxe3 17. Qxe3 h4 18. Nf4 Qg5 19. Nd5 Qxe3 20. Nxe3 Nge7 21.
Ke2 O-O 22. Bg4 Rab8 23. Rhf1 b5 24. Kd3 Na5 25. b4 Nb7 26. Rac1 g5 27. c4 Ng6
28. g3 c5 29. Nd5 bxc4+ 30. Kxc4 cxd4 31. Kxd4 Nd8 32. Nf6+ Kg7 33. a3 Ne5 34.
Bd7 Ne6+ 35. Kd5 Rb7 36. Ba4 Rd8 37. Ne8+ Kf8 38. Nxd6 Ng6 39. e5 Ne7+ 40. Ke4
f5+ 41. Nxf5 Nxf5 42. Rxf5+ Kg7 43. Rc6 Re7 44. Rxa6 hxg3 45. hxg3 Rd4+ 46. Ke3
Rg4 47. Kf3 Rc4 48. Kg2 Rc3 49. Bd1 Rd3 50. Bf3 Rd2+ 51. Kh3 Rd3 52. a4 Kg8 53.
Rf6 g4+ 54. Bxg4 Rh7+ 55. Kg2 Rd2+ 56. Rf2 Rxf2+ 57. Kxf2 Nc7 58. Ra7 Rf7+ 59.
Bf3 Kf8 60. b5 Ke8 1-0

[Event "X Torneo Leonardo di Bona B"]
[Site "Cutro ITA"]
[Date "2004.04.27"]
[Round "3"]
[White "Procopio, Giuseppe"]
[Black "Anastasio, Giovanni"]
[Result "1-0"]
[WhiteElo "1559"]
[BlackElo "1640"]
[PlyCount "51"]
[EventDate "2004.04.25"]

1. d4 d5 2. c4 e6 3. Nc3 Bb4 4. Bd2 Nc6 5. e3 Nf6 6. Nf3 O-O 7. Be2 Be7 8. O-O
b6 9. cxd5 Nxd5 10. Nxd5 Qxd5 11. Rc1 Qd6 12. Qc2 Bb7 13. Bb5 Nd8 14. Qxc7 Bxf3
15. gxf3 Qxc7 16. Rxc7 a6 17. Bd3 Re8 18. Rfc1 f5 19. Rd7 Nf7 20. Rcc7 Ng5 21.
Be2 Kf8 22. h4 Nf7 23. Bb4 Bxb4 24. Rxf7+ Kg8 25. Rxg7+ Kf8 26. Rcf7# 1-0

[Event "X Torneo Leonardo di Bona B"]
[Site "Cutro ITA"]
[Date "2004.04.27"]
[Round "3"]
[White "Russo, Carmelo"]
[Black "Benintende, Vittorio"]
[Result "0-1"]
[WhiteElo "1836"]
[BlackElo "1580"]
[PlyCount "93"]
[EventDate "2004.04.25"]

1. d4 Nf6 2. Nf3 Nc6 3. g3 d5 4. Bg2 e6 5. O-O Be7 6. b3 O-O 7. Bb2 Re8 8. Nbd2
b6 9. c4 Ba6 10. Rc1 Qd7 11. cxd5 exd5 12. Qc2 Bb7 13. a3 Rac8 14. Rfd1 Bf8 15.
Ne5 Nxe5 16. dxe5 Nh5 17. Ne4 h6 18. Nd2 c5 19. e4 d4 20. Nc4 Ba6 21. f4 f6 22.
Qe2 Qf7 23. Bh3 Rc7 24. e6 Qg6 25. Qf3 Bb7 26. Bf5 Qxf5 27. exf5 Bxf3 28. Rf1
Be2 29. Rf2 Bxc4 30. bxc4 g6 31. g4 Ng7 32. fxg6 Rxe6 33. f5 Re4 34. h3 Rce7
35. Rcf1 Ne8 36. Bc1 Nd6 37. g5 hxg5 38. Bxg5 Bg7 39. Rf4 Re1 40. Rh4 Nxf5 41.
Bxf6 Rxf1+ 42. Kxf1 Nxh4 43. Bxe7 Nxg6 44. Bd6 Be5 45. Bxe5 Nxe5 46. Ke2 Nxc4
47. a4 0-1

[Event "X Torneo Leonardo di Bona B"]
[Site "Cutro ITA"]
[Date "2004.04.27"]
[Round "3"]
[White "Tassone, Francesco"]
[Black "Catapano, Francesco"]
[Result "0-1"]
[WhiteElo "1592"]
[BlackElo "1805"]
[PlyCount "24"]
[EventDate "2004.04.25"]

1. e4 e6 2. d4 c5 3. Nf3 cxd4 4. Nxd4 Bc5 5. c3 Qb6 6. Qd2 Ne7 7. b4 Bxd4 8.
Qxd4 Qxd4 9. cxd4 Nbc6 10. a3 Nxd4 11. Bd3 Nb3 12. Ra2 Nxc1 0-1